Informatizace: dva extrémy.

Zvýšenie významu informatizácie pri vznikaní stoviek súkromných firiem. Pohľad na oblasť účtovníctva, včítane rozpočtovníctva a kalkulácie, a oblasť miezd a platov. Dva extrémy pri aplikácii počítačov - na príklade dvoch záujemcov o automatizačný projekt pre oblasť účtovníctva a pre oblasť miezd.

Guardado en:
Detalles Bibliográficos
Autor principal: Žid, Norbert
Formato: Capítulo de libro
Lenguaje:checo
Materias:
Etiquetas: Agregar Etiqueta
Sin Etiquetas, Sea el primero en etiquetar este registro!

MARC

LEADER 00000naa a2200000 4500
001 r008783
005 20220831090440.7
041 0 |a cze 
044 |a [CS] 
245 1 0 |a Informatizace: dva extrémy.  |c Norbert Žid 
520 |a Zvýšenie významu informatizácie pri vznikaní stoviek súkromných firiem. Pohľad na oblasť účtovníctva, včítane rozpočtovníctva a kalkulácie, a oblasť miezd a platov. Dva extrémy pri aplikácii počítačov - na príklade dvoch záujemcov o automatizačný projekt pre oblasť účtovníctva a pre oblasť miezd. 
610 2 0 |a automatizácia administratívy 
610 2 0 |a využitie počítačov 
610 2 0 |a účtovníctvo 
610 2 0 |a mzdy 
610 2 0 |a platy 
100 1 |a Žid, Norbert